| 000 | 00726 a2200229 4500 | ||
|---|---|---|---|
| 005 | 20260209122503.0 | ||
| 008 | 260209b |||||||| |||| 00| 0 eng d | ||
| 020 | _a9786038047958 (hbk) | ||
| 037 | _cTB | ||
| 040 |
_aCRL _cCRL |
||
| 041 |
_2ARB _aARB |
||
| 084 |
_aQ7:25 28R0 _bCRL |
||
| 100 |
_aDimshaqi, Muhiuddin Noovi _9854257 |
||
| 245 | _aSharah al-Arbaien al-nooviya | ||
| 260 |
_aRiadh, Saudi Arabia, _bZad group publishing: _c2020. |
||
| 300 | _a704p. | ||
| 365 |
_b1440.00 _cINR |
||
| 650 |
_aIslam _91114567 |
||
| 650 |
_aHadith _91114568 |
||
| 942 |
_cTB _2CC _n0 _hQ7:25 28R0 |
||
| 999 |
_c1465879 _d1465879 |
||